000 00452nam a2200193Ia 4500
008 170705s9999 xx 000 0 und d
020 _a9780439738521
245 _aWhat's so funny? /
245 _cA. J. Whittier.
260 _aNew York :
260 _bScholastic,
260 _c2006
300 _a16 pages :
300 _bcolor illustration ;
300 _c23cm.
440 _aScholastic FX books ;
440 _vbook 16.
500 _a350
999 _c335535
_d335535